000 01198nam0a22002531 4500
001 rc\4453825
005 20260407153407.0
021 _aRU
_b[68-84524]
035 _a(NLR Aleph) 008588908
090 _a8631865
_c8631865
100 _a20130416d1968 |||y0rusy50 ca
101 0 _arus
102 _aRU
105 _ay z |||||
200 1 _aРекомендации Всесоюзного научно-технического совещания работников коксохимической промышленности
_e(Совершенствование процессов коксования). [4-6 июня] 1968 г. Донецк
_fНауч.-техн. о-во черной металлургии
210 _aМосква
_cБ. и.
_d1968
215 _a30 с.
_d20
606 _aКоксохимическое производство
_2psbo
710 1 2 _aВсесоюзное научно-техническое совещание работников коксохимической промышленности
_eДонецк
_f1968
_9689299
_3RU\NLR\AUTH\8810094061
801 0 _aRU
_bNLR
_gpsbo
801 1 _aRU
_bELAR
_2rusmarc
852 _aNLR
_j50К/16786
942 _cBOOK
980 _aNB